| 000 | 00477nam a22001337a 4500 | ||
|---|---|---|---|
| 005 | 20241011104210.0 | ||
| 008 | 241011b |||||||| |||| 00| 0 eng d | ||
| 100 |
_aLanglois, Aude. _eauthor. _962814 |
||
| 245 |
_aThe school enterprise challenge : _blearning by doing / _cAude Langlois. |
||
| 260 |
_aWashington; _bTaylor & Francis Group, _cJuly-August 2020. |
||
| 300 |
_aVolume 96, pages 22-33, _billustration. |
||
| 700 |
_aLanglois, Aude. _eauthor. _962815 |
||
| 942 |
_2ddc _cPER |
||
| 999 |
_c22497 _d22497 |
||